Buchstabensalat - Statistiken

Allgemein
  • Dieses Quiz wurde 325 mal gespielt
  • Das Durchschnittsergebnis liegt bei 12 aus 15
Antwortstatistiken
Antwort Wortgemisch % Korrekt
Polen Nolep
98%
Mexiko Mxkeoi
95%
China Anihc
91%
Zypern Yenrzp
91%
Kanada Aaakdn
90%
Benin Ninbe
87%
Chile Ihlec
85%
Finnland Nnnifdal
84%
Schweiz Hcsziew
79%
Neuseeland Dalneeeusn
76%
Niger Grnei
75%
Tonga Ganto
74%
Lesotho Othoesl
69%
Nicaragua Carauagin
64%
Griechenland Dgrnaiehcneal
47%
Keine übereinstimmenden Quizze gefunden
Verteilung der Resultate
Anzahl Personen mit jedem Resultat
Perzentil nach korrekt beantworteten Fragen
Ihre Resultats-Entwicklung
Sie haben dieses Quiz noch nicht gespielt